Racionalizácia systému plánovania investičného procesu záverečná správa čiastkovej úlohy. SPEV 902 003/01

Salvato in:
Dettagli Bibliografici
Natura: Libro
Lingua:slovacco
Pubblicazione: Bratislava VŠE 1985
Edizione:1. vyd.
Tags: Aggiungi Tag
Nessun Tag, puoi essere il primo ad aggiungerne!!

MARC

LEADER 00000nam a2200000 4500
001 c026617
005 20221220080142.1
041 0 |a slo 
044 |a SK 
245 1 0 |a Racionalizácia systému plánovania investičného procesu  |b záverečná správa čiastkovej úlohy. SPEV 902 003/01 
250 |a 1. vyd. 
264 1 |a Bratislava  |b VŠE  |c 1985 
300 |a 75 s.